000 00276nam a22001097a 4500
082 _a531.12 HOU'A
100 _aHOUSNER, GEORGE W,HUDSON, DONALD E
_980508
245 _aAPPLIED MECHANICAL STATICS
260 _aNEWJERSCY
_bD. VAN NOSTRAND
_c1949
300 _a220P
942 _cBK
999 _c585433
_d585433